000 00222nam a22001097a 4500
041 _aeng
080 _a80
100 _aHalsey, William. D.
245 _aCollier"s Encyclopedia. V.4.
650 _aReference
999 _c280712
_d280712
942 _cBK